Sanat - "Kantavaa maata"- Lasse Havu - Statistics

Yleistilastot
  • Tätä visaa on pelattu 7 kertaa
  • Keskiarvotulos 28 / 122
Vastaustilastot
Vastaus % Oikein
kantavaa
100%
100%
maata
100%
ei
50%
jalat
50%
jo
50%
jolla
50%
jos
50%
kannattaa
50%
kun
50%
niin
50%
on
50%
oon
50%
opettelen
50%
seisomaan
50%
taas
50%
vai
50%
aavikoiden
0%
alkuun
0%
alla
0%
ennallaan
0%
etsin
0%
hajonneen
0%
Hiekkaan
0%
ilmaa
0%
Ilman
0%
jossain
0%
karttaa
0%
keuhkot
0%
laulaa
0%
löydän
0%
luokse
0%
matkalla
0%
mies
0%
mikään
0%
mua
0%
muu
0%
nousen
0%
oonko
0%
ootko
0%
oottaa
0%
oottamaan
0%
pää
0%
paikallaan
0%
painuu
0%
pakotettu
0%
palaamaan
0%
rakentaa
0%
reittii
0%
saappaat
0%
seison
0%
sen
0%
taakse
0%
täällä
0%
taivaan
0%
täyteen
0%
toinen
0%
tuuli
0%
uudestaan
0%
valmiina
0%
varmaan
0%
vielä
0%
vieraan
0%
voiko
0%
Ehtoja vastaavia visoja ei löytynyt
Tulosjakauma
Jokaisen tuloksen saaneiden osuus
Persentiili vastausten määrän mukaan
Tuloshistoriasi
Et ole pelannut tätä visaa